|
|
|
|
| LEADER |
00000nam a2200000 4500 |
| 001 |
vtls010341193 |
| 003 |
SK-MaSNL |
| 005 |
20260302082445.0 |
| 008 |
210726s1506 sz 000 0 lat |
| 015 |
|
|
|a SNBHFA
|
| 040 |
|
|
|a SNK
|b slo
|c SNK
|e rda
|
| 041 |
0 |
|
|a lat
|
| 044 |
|
|
|a fr
|c FR
|
| 072 |
|
7 |
|a 27-46/-48
|x Pastorálna teológia
|2 konspekt
|
| 080 |
|
|
|a 2-46
|2 2011
|
| 100 |
0 |
|
|a Guido de Monte Rocherii,
|d činný 14. století
|4 aut
|9 749178
|
| 240 |
0 |
|
|a Manipulus curatorum
|
| 245 |
1 |
0 |
|a Manipulus curato[rum] officia sacerdotum s[e]cundu[m] ordinem septem sacramentorum perbreuiter complectens
|
| 260 |
|
|
|a ciuitate Argen
|b [Tlačiar Casus breves; Husner Georg?]
|c Anno d[omi]ni .M.cccc.xciij (1493)
|
| 300 |
|
|
|a "a"-"r6", 112 fólií.
|c 4° (21x15 cm)
|
| 336 |
|
|
|a text
|b txt
|2 rdacontent
|
| 337 |
|
|
|a bez média
|b n
|2 rdacarrier
|
| 338 |
|
|
|a zväzok
|b nc
|2 rdacarrier
|
| 500 |
|
|
|a Živé záhlavie, na niektorých miestach reprezentanty
|
| 510 |
4 |
|
|a ISTC
|c ig00604000
|
| 510 |
4 |
|
|a GW
|c 11819
|
| 562 |
|
|
|a Na fóliahc "a4"-"a7" rubrikovanie červenou farbou.
|5 SNK Inc C 168
|
| 563 |
|
|
|a Väzba: nová väzba z čiernej kože.
|5 SNK Inc C 168
|
| 700 |
1 |
|
|a Husner, Georg,
|d zomrel 1505
|4 prt
|9 209094
|
| 752 |
|
|
|a Francúzsko
|d Štrasburg
|
| 852 |
|
|
|a snk
|b Historické fondy
|p Inc C 168
|
| 958 |
|
|
|a ONDV
|
| 999 |
|
|
|c 1180121
|d 1182051
|
| 952 |
|
|
|t Inc C 168
|a SNK
|b SNK
|c SNK_HF
|y PREZ
|7 0
|p 17A0877611
|o snkInc C 168
|i snk2012/3636
|8 3
|g 2700.00
|0 0
|1 0
|4 0
|d 2012-02-10
|f 1
|l 0
|r 2026-02-24 21:35:43
|w 2026-02-24
|